Stable base for mobile homes (Record no. 83134)
[ view plain ]
| 000 -LEADER | |
|---|---|
| fixed length control field | 01002cab a22002175a 4500 |
| 001 - CONTROL NUMBER | |
| control field | L152884 |
| 008 - FIXED-LENGTH DATA ELEMENTS--GENERAL INFORMATION | |
| fixed length control field | 110510e20110430xxk 000 0 eng d |
| 035 ## - SYSTEM CONTROL NUMBER | |
| System control number | (Sirsi) u152884 |
| 041 0# - LANGUAGE CODE | |
| Language code of text/sound track or separate title | eng |
| 110 2# - MAIN ENTRY--CORPORATE NAME | |
| Corporate name or jurisdiction name as entry element | Estates Gazette |
| 9 (RLIN) | 298 |
| 245 00 - TITLE STATEMENT | |
| Title | Stable base for mobile homes |
| 260 ## - PUBLICATION, DISTRIBUTION, ETC. | |
| Date of publication, distribution, etc. | 2011 |
| 490 ## - SERIES STATEMENT | |
| Series statement | Estates Gazette |
| Volume/sequential designation | (1117) 30 April 2011, 68(1) |
| 520 ## - SUMMARY, ETC. | |
| Summary, etc. | Reviews park home changes which have come into effect in England. These extend the right of occupiers of local authority and county council gypsy and traveller sites. It transfers jurisdiction over most disputes between site owner and occupiers from the county court to the Residential Property Tribunal. |
| 590 ## - LOCAL NOTE (RLIN) | |
| Local note | KA |
| 650 24 - SUBJECT ADDED ENTRY--TOPICAL TERM | |
| Topical term or geographic name entry element | Housing and Regeneration Act 2008 (Consequential Amendments to the Mobile Homes Act 1983) Order 2011 |
| 651 #4 - SUBJECT ADDED ENTRY--GEOGRAPHIC NAME | |
| Geographic name | England |
| Chronological subdivision | 886- |
| 690 ## - LOCAL SUBJECT ADDED ENTRY--TOPICAL TERM (OCLC, RLIN) | |
| Topical term or geographic name as entry element | ENVIRONMENTAL AND LAND CONSULTANCY-PLANNING AND DEVELOPMENT |
| 856 40 - ELECTRONIC LOCATION AND ACCESS | |
| Host name | ENVIRONMENTAL AND LAND CONSULTANCY-PLANNING AND DEVELOPMENT |
| 942 ## - ADDED ENTRY ELEMENTS (KOHA) | |
| Suppress in OPAC | 0 |
| Withdrawn status | Lost status | Source of classification or shelving scheme | Damaged status | Not for loan | Home library | Current library | Shelving location | Date acquired | Total Checkouts | Full call number | Barcode | Date last seen | Copy number | Price effective from | Koha item type |
|---|---|---|---|---|---|---|---|---|---|---|---|---|---|---|---|
| Dewey Decimal Classification | London | London | Journal article | 10/05/2011 | L152884 | 152884-1001 | 06/08/2019 | 1 | 06/08/2019 | Journal article |